000 00407pab a2200157 454500
008 180718b2002 xxu||||| |||| 00| 0 eng d
100 _aGale, Douglas
245 _aDollarization, bailouts, and the stability of the banking system
260 _c2002
300 _ap.467-502.
362 _aMay
650 _aBanks
700 _aVives, Xavier
773 _aQuarterly Journal of Economics
909 _a52361
999 _c52361
_d52361